01306cam a2200337 a 450000100100000000500170001000800410002702000150006804000300008308200170011324500820013026000440021230000270025649000230028349000240030650400350033050400410036565000320040665000260043870000380046470000300050270000300053270000280056270000350059071001110062583000510073691000340078704900090082195201210083099900170095100001179820200929162553.0940912s1992 ve a b 001 0 spa d a9802594997 aDO-SdBNPbspacDLCdBNPHU a460.87bI19i03aEl idioma español de la Venezuela actual /cAlexandra Alvarez ... [et al.]. aCaracas, (Venezuela) :bLagoven,c1992. a98 p. :bil. ;c22 cm.1 aCuadernos Lagoven.1 aSerie Medio milenio aIncluye índice onosmástico aIncluye referencias bibliográficas 4aEspañolzVenezuela927921 4aVenezolanismos9279251 aAlvarez, Alexandra,d1946-9279261 aBentivoglio, Paola9279271 aObediente, Enrique9279281 aSedano, Mercedes9279291 aTejera, María Josefina989802 aComisión Venezolana para la conmemoración del Quinto Centenario del descubrimiento de América927930 0aCuadernos Lagoven.pSerie Medio milenio927931 aCatalogación por copia / LC aBNGR 001054708MOaGRbGRcCTd2009-10-27iLF1l0o460.87 I19ip11798-10r2020-06-25w2020-06-25y4ZPréstamo en sala c11472d11472